| 000 | 01320cam a22002774a 4500 | ||
|---|---|---|---|
| 001 | 15591979 | ||
| 003 | ARRUPE | ||
| 005 | 20141017145847.0 | ||
| 008 | 090120s2009 miu b 001 0 eng | ||
| 010 | _a 2009000915 | ||
| 020 | _a9780801036385 (pbk.) | ||
| 040 |
_aDLC _cDLC _dDLC |
||
| 050 | 0 | 0 |
_aBT216.5 _b.B57 2009 |
| 082 | 0 | 0 |
_a232/.1 _222 |
| 100 | 1 |
_aBird, Michael F. _912189 |
|
| 245 | 1 | 0 |
_aAre you the One who is to come? : _bthe historical Jesus and the messianic question / _cMichael F. Bird ; with a foreword by Stanley E. Porter. |
| 260 |
_aGrand Rapids, MI : _bBaker Academic, _cc2009. |
||
| 300 |
_a207 p. ; _c23 cm. |
||
| 504 | _aIncludes bibliographical references and indexes. | ||
| 505 | 0 | _a"Jesus who is called the Christ" -- Messianic expectations in Second Temple Judaism -- Messiah Jesus : a role declined? -- Messiah Jesus : a role redefined -- Messiah Jesus : a crucified Messiah -- Toward a messianic Christology. | |
| 600 | 0 | 0 |
_aJesus Christ _xKnowledge of his own divinity. _912190 |
| 600 | 0 | 0 |
_aJesus Christ _xMessiahship. _912191 |
| 906 |
_a7 _bcbc _corignew _d1 _eecip _f20 _gy-gencatlg |
||
| 942 |
_2lcc _cMONOGRAPH |
||
| 999 |
_c121124 _d121124 |
||